All 1M Cities Starting with “H” to Country - Statistics

General Stats
  • This quiz has been taken 266 times
  • The average score is 25 of 27
Answer Stats
City Country % Correct
Hamburg Germany
99%
Hiroshima Japan
99%
Honolulu United States
99%
Houston United States
99%
Hangzhou China
98%
Hong Kong China
98%
Havana Cuba
98%
Helsinki Finland
97%
Ho Chi Minh City Vietnam
97%
Huizhou China
96%
Hartford United States
96%
Hanoi Vietnam
96%
Hengyang China
95%
Huainan China
95%
Harrisburg United States
95%
Huaibei China
94%
Hanover Germany
94%
Hyderabad* India / Pakistan
94%
Huai'an China
93%
Haikou China
92%
Handan China
88%
Harbin China
86%
Hamamatsu Japan
86%
Harare Zimbabwe
86%
Hefei China
83%
Hohhot China
81%
Hubli-Dharwad India
76%
No matching quizzes found
Score Distribution
Percent of People with Each Score
Percentile by Number Answered
Your Score History
You have not taken this quiz